Making a federal case out of it: prosecutorial discretion and the United States sentencing guidelines in a multi-district study

Gespeichert in:  
Bibliographische Detailangaben
1. VerfasserIn: O'Hara, Samantha J. (Verfasst von)
Medienart: Druck Buch
Sprache:Englisch
Veröffentlicht: 2006
In:Jahr: 2006
Verfügbarkeit prüfen: HBZ Gateway
Subito Bestelldienst: Jetzt bestellen.
Schlagwörter:

MARC

LEADER 00000cam a2200000 c 4500
001 1332518427
003 DE-627
005 20220526130729.0
007 tu
008 070308s2006 xx ||||| m 00| ||eng c
024 8 |a 3220665  |q Order no. 
035 |a (DE-627)1332518427 
035 |a (DE-576)262518422 
035 |a (DE-599)BSZ262518422 
040 |a DE-627  |b ger  |c DE-627  |e rakwb 
041 |a eng 
100 1 |a O'Hara, Samantha J.  |4 aut 
245 1 0 |a Making a federal case out of it  |b prosecutorial discretion and the United States sentencing guidelines in a multi-district study  |c by Samantha J. O'Hara 
264 1 |c 2006 
300 |a VIII, 197 S.  |b graph. Darst. 
336 |a Text  |b txt  |2 rdacontent 
337 |a ohne Hilfsmittel zu benutzen  |b n  |2 rdamedia 
338 |a Band  |b nc  |2 rdacarrier 
502 |a Omaha, Neb., Univ., Diss., 2006 
583 1 |a Archivierung prüfen  |c 20200919  |f DE-640  |z 1  |2 pdager 
655 7 |a Hochschulschrift  |0 (DE-588)4113937-9  |0 (DE-627)105825778  |0 (DE-576)209480580  |2 gnd-content 
751 |a Omaha, Neb.  |0 (DE-588)4102079-0  |0 (DE-627)105922587  |0 (DE-576)209375817  |4 uvp 
935 |a mkri 
951 |a BO 
ELC |b 1 
LOK |0 000 xxxxxcx a22 zn 4500 
LOK |0 001 2528822928 
LOK |0 003 DE-627 
LOK |0 004 1332518427 
LOK |0 005 20070308122922 
LOK |0 008 070308||||||||||||||||ger||||||| 
LOK |0 040   |a DE-Frei85  |c DE-627  |d DE-Frei85 
LOK |0 852   |z Kopie, erschienen im Verlag Univ. Microfilms Internat., Ann Arbor, 2006 
LOK |0 852   |a DE-Frei85 
LOK |0 852 1  |m p  |9 00 
LOK |0 938   |k p 
LOK |0 939   |a 08-03-07  |b l01 
ORI |a SA-MARC-krimdoka001.raw